[Event "MP do 16 lat - chlopcy"]
[Site "Sypniewo"]
[Date "2022.03.21"]
[Round "3.6"]
[White "Kazmierowski, Tymon"]
[Black "Fiszer, Bartosz"]
[Result "0-1"]
[BlackElo "2226"]
[WhiteElo "2032"]
[LiveChessVersion "1.4.8"]

1. d4 {[%clk 1:30:57]} Nf6 {[%clk 1:30:54]} 2. c4 {[%clk 1:31:21]} g6
{[%clk 1:31:20]} 3. Nf3 {[%clk 1:31:45]} Bg7 {[%clk 1:31:46]} 4. g3
{[%clk 1:32:08]} d6 {[%clk 1:32:13]} 5. Bg2 {[%clk 1:32:31]} O-O {[%clk 1:32:37]}
6. O-O {[%clk 1:32:54]} Nc6 {[%clk 1:32:55]} 7. Nc3 {[%clk 1:33:09]} Bg4
{[%clk 1:33:18]} 8. d5 {[%clk 1:33:24]} Na5 {[%clk 1:33:39]} 9. b3
{[%clk 1:33:39]} c5 {[%clk 1:32:59]} 10. Bd2 {[%clk 1:33:49]} a6 {[%clk 1:32:03]}
11. h3 {[%clk 1:33:23]} Bd7 {[%clk 1:22:56]} 12. e4 {[%clk 1:31:28]} Ne8
{[%clk 1:14:00]} 13. Qe1 {[%clk 1:21:59]} b5 {[%clk 1:09:06]} 14. e5
{[%clk 1:18:52]} bxc4 {[%clk 1:06:28]} 15. Na4 {[%clk 1:18:09]} Nb7
{[%clk 1:04:44]} 16. Bc3 {[%clk 1:17:04]} cxb3 {[%clk 1:00:29]} 17. axb3
{[%clk 1:17:27]} Bb5 {[%clk 0:57:04]} 18. e6 {[%clk 1:11:33]} f6 {[%clk 0:51:04]}
19. Nd2 {[%clk 1:07:20]} Bxf1 {[%clk 0:50:52]} 20. Bxf1 {[%clk 1:06:24]} f5
{[%clk 0:51:10]} 21. Nc4 {[%clk 1:05:58]} Bxc3 {[%clk 0:51:02]} 22. Qxc3
{[%clk 1:06:20]} Nf6 {[%clk 0:50:29]} 23. Bg2 {[%clk 1:05:12]} Ra7
{[%clk 0:47:06]} 24. Nab6 {[%clk 0:57:32]} Qc7 {[%clk 0:40:49]} 25. Ra2
{[%clk 0:51:34]} Rb8 {[%clk 0:24:45]} 26. Qa1 {[%clk 0:50:02]} Na5
{[%clk 0:16:03]} 27. Rxa5 {[%clk 0:50:01]} Rxb6 {[%clk 0:16:30]} 28. Nxb6
{[%clk 0:50:24]} Qxb6 {[%clk 0:16:55]} 29. Qa4 {[%clk 0:49:35]} Qb4
{[%clk 0:15:09]} 30. Qxb4 {[%clk 0:48:49]} cxb4 {[%clk 0:15:38]} 31. Bf1
{[%clk 0:46:45]} Ne4 {[%clk 0:15:54]} 32. Bb5 {[%clk 0:44:32]} Kf8
{[%clk 0:13:30]} 33. Kg2 {[%clk 0:41:07]} Nc5 {[%clk 0:10:07]} 34. Bc4
{[%clk 0:40:50]} Ke8 {[%clk 0:06:22]} 35. Kf3 {[%clk 0:40:02]} Kd8
{[%clk 0:05:21]} 36. g4 {[%clk 0:38:33]} fxg4+ {[%clk 0:05:31]} 37. hxg4
{[%clk 0:38:35]} Kc7 {[%clk 0:04:48]} 38. Kf4 {[%clk 0:38:12]} Kb6
{[%clk 0:03:48]} 39. Ra2 {[%clk 0:32:48]} h6 {[%clk 0:03:42]} 40. Ke3
{[%clk 1:02:12]} a5 {[%clk 0:32:34]} 41. f4 {[%clk 1:01:47]} a4 {[%clk 0:13:33]}
42. bxa4 {[%clk 1:01:08]} b3 {[%clk 0:13:30]} 43. a5+ {[%clk 0:54:22]} Kc7
{[%clk 0:13:15]} 44. Ra3 {[%clk 0:49:01]} Rb7 {[%clk 0:08:10]} 45. a6
{[%clk 0:49:21]} b2 {[%clk 0:08:13]} 46. Ba2 {[%clk 0:49:45]} Ra7
{[%clk 0:08:10]} 47. g5 {[%clk 0:44:57]} hxg5 {[%clk 0:05:08]} 48. fxg5
{[%clk 0:45:25]} Kd8 {[%clk 0:05:02]} 49. Bb1 {[%clk 0:42:50]} Ke8
{[%clk 0:02:42]} 50. Bxg6+ {[%clk 0:42:09]} Kf8 {[%clk 0:03:10]} 51. Ra2
{[%clk 0:42:23]} Rxa6 {[%clk 0:03:01]} 52. Rxb2 {[%clk 0:42:49]} Ra3+
{[%clk 0:02:49]} 53. Kf4 {[%clk 0:43:07]} Ra4+ {[%clk 0:02:10]} 54. Kf5
{[%clk 0:41:42]} Nd3 {[%clk 0:02:11]} 55. Be8 {[%clk 0:37:03]} Rf4+
{[%clk 0:02:22]} 0-1

[Event "MP do 16 lat - chlopcy"]
[Site "Sypniewo"]
[Date "2022.03.21"]
[Round "3.7"]
[White "Rog, Bartlomiej"]
[Black "Herwy, Jakub"]
[Result "1-0"]
[BlackElo "1947"]
[WhiteElo "2143"]
[LiveChessVersion "1.4.8"]

1. e4 {[%clk 1:30:54]} c5 {[%clk 1:30:58]} 2. Nf3 {[%clk 1:31:14]} e6
{[%clk 1:31:25]} 3. d4 {[%clk 1:31:37]} cxd4 {[%clk 1:31:51]} 4. Nxd4
{[%clk 1:31:58]} a6 {[%clk 1:32:18]} 5. Bd3 {[%clk 1:32:17]} Bc5 {[%clk 1:32:15]}
6. Nb3 {[%clk 1:32:39]} Be7 {[%clk 1:31:47]} 7. Qg4 {[%clk 1:33:00]} g6
{[%clk 1:32:00]} 8. Qe2 {[%clk 1:33:21]} d6 {[%clk 1:31:34]} 9. O-O
{[%clk 1:33:40]} Qc7 {[%clk 1:31:45]} 10. a4 {[%clk 1:33:20]} b6 {[%clk 1:29:41]}
11. Na3 {[%clk 1:33:38]} Bb7 {[%clk 1:23:40]} 12. Nc4 {[%clk 1:33:45]} Nd7
{[%clk 1:23:19]} 13. a5 {[%clk 1:33:35]} b5 {[%clk 1:23:45]} 14. Nb6
{[%clk 1:33:56]} Rd8 {[%clk 1:15:49]} 15. c4 {[%clk 1:30:59]} bxc4
{[%clk 1:02:37]} 16. Bxc4 {[%clk 1:27:22]} Nxb6 {[%clk 1:02:21]} 17. axb6
{[%clk 1:27:42]} Qxb6 {[%clk 1:02:48]} 18. Na5 {[%clk 1:24:13]} Nf6
{[%clk 1:02:08]} 19. Bh6 {[%clk 1:17:17]} Bxe4 {[%clk 0:52:23]} 20. Bg7
{[%clk 1:11:18]} Rg8 {[%clk 0:52:52]} 21. Bxf6 {[%clk 1:11:24]} Bxf6
{[%clk 0:53:14]} 22. Qxe4 {[%clk 1:11:38]} d5 {[%clk 0:53:42]} 23. Qf3
{[%clk 1:11:18]} Qxb2 {[%clk 0:49:41]} 24. Bxa6 {[%clk 1:06:13]} Qc3
{[%clk 0:48:54]} 25. Qf4 {[%clk 0:56:29]} Kf8 {[%clk 0:46:10]} 26. Rac1
{[%clk 0:52:50]} Qxa5 {[%clk 0:42:05]} 27. Qxf6 {[%clk 0:53:05]} Re8
{[%clk 0:42:12]} 28. Rc6 {[%clk 0:48:30]} Qd8 29. Rxe6 {[%clk 0:39:58]} Qxf6
{[%clk 0:41:40]} 30. Rxf6 {[%clk 0:40:21]} Re6 {[%clk 0:42:01]} 31. Rxe6
{[%clk 0:40:46]} fxe6 {[%clk 0:42:30]} 32. Rb1 {[%clk 0:40:53]} Ke7
{[%clk 0:41:57]} 33. Rb6 {[%clk 0:40:24]} h6 {[%clk 0:40:03]} 34. Kf1
{[%clk 0:39:52]} g5 {[%clk 0:36:52]} 35. Ke2 {[%clk 0:35:57]} Kf6
{[%clk 0:35:51]} 36. Ke3 {[%clk 0:35:07]} Ke5 {[%clk 0:35:54]} 37. f3
{[%clk 0:33:57]} h5 {[%clk 0:35:12]} 38. g3 {[%clk 0:33:08]} Rf8 {[%clk 0:34:29]}
39. Rb4 {[%clk 0:32:27]} Ra8 {[%clk 0:33:33]} 40. Bd3 {[%clk 1:02:32]} Ra2
{[%clk 1:02:10]} 41. h4 {[%clk 1:02:41]} Rg2 {[%clk 1:02:31]} 42. hxg5
{[%clk 1:02:57]} Rxg3 {[%clk 1:02:39]} 43. Kf2 {[%clk 1:03:20]} Rh3
{[%clk 1:01:17]} 44. Kg2 {[%clk 1:03:43]} 1-0

[Event "MP do 16 lat - chlopcy"]
[Site "Sypniewo"]
[Date "2022.03.21"]
[Round "3.8"]
[White "Kolodziejski, Piotr"]
[Black "Zalega, Maciej"]
[Result "1/2-1/2"]
[BlackElo "1994"]
[WhiteElo "2115"]
[LiveChessVersion "1.4.8"]

1. d4 {[%clk 1:30:57]} Nf6 {[%clk 1:29:32]} 2. Nc3 {[%clk 1:31:15]} d5
{[%clk 1:29:58]} 3. Bf4 {[%clk 1:31:37]} g6 {[%clk 1:29:55]} 4. Qd2
{[%clk 1:32:00]} c6 {[%clk 1:28:49]} 5. f3 {[%clk 1:27:19]} Bg7 {[%clk 1:24:47]}
6. Bh6 {[%clk 1:26:08]} Bxh6 {[%clk 1:22:42]} 7. Qxh6 {[%clk 1:26:29]} b5
{[%clk 1:19:03]} 8. e3 {[%clk 1:19:02]} b4 {[%clk 1:13:17]} 9. Na4
{[%clk 1:14:12]} Bf5 {[%clk 1:06:44]} 10. Bd3 {[%clk 1:09:52]} Bxd3
{[%clk 1:03:51]} 11. cxd3 {[%clk 1:10:16]} Qa5 {[%clk 1:03:50]} 12. b3
{[%clk 1:10:14]} Nbd7 {[%clk 1:03:59]} 13. Ne2 {[%clk 1:03:03]} Nb6
{[%clk 0:52:46]} 14. Nc5 {[%clk 0:59:03]} Nbd7 {[%clk 0:52:52]} 15. Nxd7
{[%clk 0:57:26]} Kxd7 {[%clk 0:53:10]} 16. Kf2 {[%clk 0:53:33]} Qb5
{[%clk 0:50:29]} 17. Rhd1 {[%clk 0:49:54]} a5 {[%clk 0:46:39]} 18. e4
{[%clk 0:45:39]} a4 {[%clk 0:40:59]} 19. e5 {[%clk 0:36:02]} Ne8 {[%clk 0:38:35]}
20. bxa4 {[%clk 0:35:29]} Rxa4 {[%clk 0:35:47]} 21. Qd2 {[%clk 0:35:30]} Nc7
{[%clk 0:34:38]} 22. Rab1 {[%clk 0:35:21]} Rha8 {[%clk 0:33:25]} 23. Rb2
{[%clk 0:33:09]} Qa5 {[%clk 0:31:15]} 24. Rdb1 {[%clk 0:30:10]} Nb5
{[%clk 0:21:58]} 25. Rxb4 {[%clk 0:27:24]} Rxb4 {[%clk 0:21:18]} 26. Rxb4
{[%clk 0:27:17]} Qxa2 {[%clk 0:21:45]} 27. Rb2 {[%clk 0:24:54]} Qa1
{[%clk 0:20:02]} 28. Qc2 {[%clk 0:13:23]} Ra4 {[%clk 0:17:01]} 29. Rb1
{[%clk 0:12:37]} Ra2 {[%clk 0:16:15]} 30. Rxa1 {[%clk 0:11:40]} Rxc2
{[%clk 0:16:44]} 31. Ke3 {[%clk 0:11:17]} c5 {[%clk 0:16:11]} 32. dxc5
{[%clk 0:08:48]} Rxc5 {[%clk 0:14:06]} 33. f4 {[%clk 0:07:41]} Rc2
{[%clk 0:13:24]} 34. g4 {[%clk 0:06:42]} e6 {[%clk 0:12:39]} 35. Ra8
{[%clk 0:06:30]} Rb2 {[%clk 0:08:42]} 36. h4 {[%clk 0:05:35]} Rb4
{[%clk 0:08:05]} 37. h5 d4+ {[%clk 0:06:01]} 38. Kf3 {[%clk 0:04:16]} Rb3
{[%clk 0:05:31]} 39. Ke4 {[%clk 0:02:41]} Nc3+ {[%clk 0:05:36]} 40. Nxc3
{[%clk 0:30:43]} dxc3 {[%clk 0:36:04]} 41. Ra2 {[%clk 0:25:15]} Rb2
{[%clk 0:33:30]} 42. Ra3 {[%clk 0:24:52]} Re2+ {[%clk 0:33:18]} 43. Kf3
{[%clk 0:24:43]} c2 {[%clk 0:33:44]} 44. Rc3 {[%clk 0:25:00]} Rd2
{[%clk 0:33:59]} 45. h6 {[%clk 0:23:18]} Ke7 {[%clk 0:33:25]} 46. Ke3
{[%clk 0:23:38]} Rh2 {[%clk 0:32:36]} 47. g5 {[%clk 0:23:52]} Kd7
{[%clk 0:32:57]} 1/2-1/2

[Event "MP do 16 lat - chlopcy"]
[Site "Sypniewo"]
[Date "2022.03.21"]
[Round "3.9"]
[White "Backiel, Hubert"]
[Black "Myrmus, Mateusz"]
[Result "0-1"]
[BlackElo "1925"]
[WhiteElo "2075"]
[LiveChessVersion "1.4.8"]

1. d4 {[%clk 1:30:58]} f5 {[%clk 1:30:45]} 2. c4 {[%clk 1:30:08]} e6
{[%clk 1:31:07]} 3. Nc3 {[%clk 1:28:12]} Nf6 {[%clk 1:31:31]} 4. e3
{[%clk 1:27:05]} Bb4 {[%clk 1:31:49]} 5. Bd3 {[%clk 1:26:19]} O-O
{[%clk 1:32:07]} 6. Nge2 {[%clk 1:26:23]} d6 {[%clk 1:31:55]} 7. Qc2
{[%clk 1:24:16]} Nbd7 {[%clk 1:31:59]} 8. Bd2 {[%clk 1:21:47]} b6
{[%clk 1:26:35]} 9. f3 {[%clk 1:13:16]} Bb7 {[%clk 1:26:32]} 10. O-O-O
{[%clk 1:10:38]} Qe7 {[%clk 1:25:28]} 11. Rhg1 {[%clk 0:58:13]} c5
{[%clk 1:16:11]} 12. Rdf1 {[%clk 0:53:18]} d5 {[%clk 1:05:44]} 13. g4
{[%clk 0:42:07]} fxg4 {[%clk 0:58:49]} 14. fxg4 {[%clk 0:40:09]} Bxc3
{[%clk 0:58:01]} 15. Nxc3 {[%clk 0:39:12]} dxc4 {[%clk 0:56:14]} 16. Bxc4
{[%clk 0:37:55]} Nd5 {[%clk 0:56:32]} 17. Qb3 {[%clk 0:31:25]} cxd4
{[%clk 0:53:23]} 18. Nxd5 {[%clk 0:26:12]} Bxd5 {[%clk 0:52:41]} 19. Bxd5
{[%clk 0:26:33]} Nc5 {[%clk 0:51:30]} 20. Rxf8+ {[%clk 0:20:14]} Rxf8
{[%clk 0:51:49]} 21. Qa3 {[%clk 0:19:56]} Qc7 {[%clk 0:36:17]} 22. Kb1
{[%clk 0:01:16]} exd5 {[%clk 0:36:01]} 23. Rc1 {[%clk 0:00:48]} Qxh2
{[%clk 0:35:38]} 24. exd4 {[%clk 0:01:07]} Qxd2 {[%clk 0:34:49]} 25. dxc5
{[%clk 0:01:20]} bxc5 {[%clk 0:34:40]} 26. Qxc5 {[%clk 0:01:21]} a5
{[%clk 0:30:02]} 27. a3 {[%clk 0:01:35]} h6 {[%clk 0:29:49]} 28. Rc2
{[%clk 0:00:32]} Rf1+ {[%clk 0:29:31]} 29. Ka2 {[%clk 0:00:59]} Qd1
{[%clk 0:29:36]} 30. Qc6 {[%clk 0:00:52]} a4 {[%clk 0:27:31]} 31. Rc1
{[%clk 0:00:33]} Qxc1 {[%clk 0:26:45]} 32. Qxd5+ {[%clk 0:00:57]} Rf7
{[%clk 0:26:59]} 33. Qd8+ {[%clk 0:00:53]} Rf8 {[%clk 0:27:21]} 34. Qd5+
{[%clk 0:01:19]} Kh8 {[%clk 0:27:43]} 0-1

[Event "MP do 16 lat - chlopcy"]
[Site "Sypniewo"]
[Date "2022.03.21"]
[Round "3.10"]
[White "Dziewonski, Dariusz"]
[Black "Starosciak, Szymon"]
[Result "1/2-1/2"]
[BlackElo "1921"]
[WhiteElo "2093"]
[LiveChessVersion "1.4.8"]

1. e4 {[%clk 1:30:58]} c5 {[%clk 1:30:55]} 2. Nf3 {[%clk 1:31:24]} d6
{[%clk 1:31:22]} 3. Bb5+ {[%clk 1:31:49]} Bd7 {[%clk 1:29:43]} 4. Bxd7+
{[%clk 1:32:12]} Qxd7 {[%clk 1:30:10]} 5. c3 {[%clk 1:32:10]} Nc6
{[%clk 1:14:33]} 6. d4 {[%clk 1:29:34]} cxd4 {[%clk 1:13:05]} 7. cxd4
{[%clk 1:29:50]} e5 {[%clk 1:13:29]} 8. O-O {[%clk 1:24:17]} Nf6 {[%clk 1:13:51]}
9. Nc3 {[%clk 1:22:36]} Be7 {[%clk 1:12:07]} 10. d5 {[%clk 1:15:38]} Nb8
{[%clk 1:08:19]} 11. Ne1 {[%clk 1:12:02]} Bd8 {[%clk 1:04:20]} 12. Nd3
{[%clk 1:06:07]} O-O {[%clk 1:02:39]} 13. f4 {[%clk 0:56:35]} Bb6+
{[%clk 1:01:04]} 14. Kh1 {[%clk 0:56:53]} Bd4 {[%clk 1:00:34]} 15. fxe5
{[%clk 0:49:53]} dxe5 {[%clk 0:57:31]} 16. Rxf6 {[%clk 0:36:26]} gxf6
{[%clk 0:57:56]} 17. Bh6 {[%clk 0:36:30]} f5 {[%clk 0:57:42]} 18. Qh5
{[%clk 0:35:56]} f6 {[%clk 0:57:08]} 19. Bxf8 {[%clk 0:33:46]} Kxf8
{[%clk 0:57:31]} 20. Qh6+ {[%clk 0:24:59]} Qg7 {[%clk 0:57:34]} 21. Qxg7+
{[%clk 0:25:25]} Kxg7 {[%clk 0:57:59]} 22. exf5 {[%clk 0:25:40]} Bxc3
{[%clk 0:57:10]} 23. bxc3 {[%clk 0:26:06]} Nd7 {[%clk 0:57:29]} 24. Rb1
{[%clk 0:20:55]} Rc8 {[%clk 0:53:48]} 25. Rxb7 {[%clk 0:16:02]} Rxc3
{[%clk 0:54:06]} 26. Rxa7 {[%clk 0:13:10]} Rxd3 {[%clk 0:53:44]} 27. Rxd7+
{[%clk 0:13:36]} Kh6 {[%clk 0:54:07]} 28. h4 {[%clk 0:11:17]} Kh5
{[%clk 0:48:36]} 29. Rxh7+ {[%clk 0:08:06]} Kg4 {[%clk 0:49:00]} 30. h5
{[%clk 0:06:59]} Rxd5 {[%clk 0:06:30]} 31. h6 {[%clk 0:07:17]} Kg5
{[%clk 0:06:11]} 32. Rg7+ {[%clk 0:07:35]} Kxh6 {[%clk 0:06:28]} 33. Rg6+
{[%clk 0:08:02]} Kh5 {[%clk 0:06:42]} 34. Kh2 {[%clk 0:08:15]} e4
{[%clk 0:06:02]} 35. Rg8 {[%clk 0:04:15]} e3 {[%clk 0:05:47]} 36. Re8
{[%clk 0:03:44]} Rxf5 {[%clk 0:06:01]} 37. Rxe3 {[%clk 0:04:09]} Ra5
{[%clk 0:05:59]} 38. a3 {[%clk 0:04:27]} Kg5 {[%clk 0:06:08]} 39. Rf3
{[%clk 0:04:21]} f5 {[%clk 0:05:55]} 40. Kg1 {[%clk 0:33:57]} f4 {[%clk 0:33:19]}
41. Kf2 {[%clk 0:33:58]} Kg4 {[%clk 0:33:21]} 42. Ke2 {[%clk 0:33:35]} Ra4
{[%clk 0:31:54]} 43. Kd2 {[%clk 0:31:50]} Re4 {[%clk 0:31:47]} 44. Rb3
{[%clk 0:31:41]} Rd4+ {[%clk 0:31:07]} 45. Rd3 {[%clk 0:25:00]} Rc4
{[%clk 0:31:21]} 46. Rb3 {[%clk 0:23:54]} Rd4+ {[%clk 0:31:38]} 47. Ke2
{[%clk 0:24:04]} Re4+ {[%clk 0:31:39]} 48. Kf2 {[%clk 0:24:29]} Ra4
{[%clk 0:28:25]} 49. Rc3 {[%clk 0:23:48]} Ra5 {[%clk 0:25:07]} 50. Ke2
{[%clk 0:23:19]} Ra4 {[%clk 0:25:00]} 51. Kd2 {[%clk 0:13:32]} Rd4+
{[%clk 0:24:52]} 52. Kc1 {[%clk 0:12:54]} Re4 {[%clk 0:24:36]} 53. Rc2
{[%clk 0:12:45]} Kg3 {[%clk 0:22:52]} 54. Kb2 {[%clk 0:11:55]} Re1
{[%clk 0:18:24]} 55. a4 {[%clk 0:12:00]} Rg1 {[%clk 0:14:58]} 56. a5
{[%clk 0:12:19]} Rxg2 {[%clk 0:15:03]} 57. Rxg2+ {[%clk 0:12:38]} Kxg2
{[%clk 0:15:30]} 58. a6 {[%clk 0:13:01]} f3 {[%clk 0:15:57]} 59. a7
{[%clk 0:13:28]} f2 {[%clk 0:16:23]} 60. a8=Q+ Kg1 {[%clk 0:16:21]} 61. Qa7
{[%clk 0:13:31]} Kg2 {[%clk 0:16:13]} 62. Qg7+ {[%clk 0:13:53]} Kh2
{[%clk 0:16:19]} 63. Qh6+ {[%clk 0:14:14]} Kg2 {[%clk 0:16:41]} 64. Qg5+
{[%clk 0:14:39]} Kh2 {[%clk 0:16:42]} 65. Qh4+ {[%clk 0:14:55]} Kg2
{[%clk 0:17:01]} 66. Qg4+ {[%clk 0:15:16]} Kh2 {[%clk 0:17:03]} 67. Qf3
{[%clk 0:15:37]} Kg1 {[%clk 0:17:24]} 68. Qg3+ {[%clk 0:16:04]} Kh1
{[%clk 0:17:49]} 69. Qf3+ {[%clk 0:15:54]} Kg1 {[%clk 0:17:59]} 70. Qe3
{[%clk 0:16:19]} Kg2 {[%clk 0:18:23]} 71. Qe2 {[%clk 0:16:44]} Kg1
{[%clk 0:18:41]} 72. Qg4+ {[%clk 0:16:48]} Kh2 {[%clk 0:18:59]} 73. Qh5+
{[%clk 0:17:15]} Kg2 {[%clk 0:19:10]} 74. Qg6+ {[%clk 0:17:36]} Kh2
{[%clk 0:19:28]} 75. Qa6 {[%clk 0:17:49]} Kg2 {[%clk 0:19:52]} 76. Qe2
{[%clk 0:18:13]} Kg1 {[%clk 0:20:15]} 77. Qxf2+ {[%clk 0:18:39]} Kxf2
{[%clk 0:20:38]} 1/2-1/2

[Event "MP do 16 lat - chlopcy"]
[Site "Sypniewo"]
[Date "2022.03.21"]
[Round "3.11"]
[White "Zdybel, Przemyslaw"]
[Black "Melerowicz, Dominik"]
[Result "0-1"]
[BlackElo "1825"]
[WhiteElo "2008"]
[LiveChessVersion "1.4.8"]

1. e4 {[%clk 1:30:56]} c5 {[%clk 1:30:56]} 2. Nc3 {[%clk 1:31:16]} d6
{[%clk 1:31:17]} 3. g3 {[%clk 1:31:34]} Nf6 {[%clk 1:31:23]} 4. Bg2
{[%clk 1:31:58]} g6 {[%clk 1:31:28]} 5. d3 {[%clk 1:32:21]} Bg7 {[%clk 1:31:46]}
6. h3 {[%clk 1:32:32]} Nc6 {[%clk 1:32:02]} 7. Be3 {[%clk 1:32:54]} Rb8
{[%clk 1:31:16]} 8. Qd2 {[%clk 1:33:06]} Qb6 {[%clk 1:28:53]} 9. Rb1
{[%clk 1:23:15]} h6 {[%clk 1:26:21]} 10. f4 {[%clk 1:20:14]} a6 {[%clk 1:21:12]}
11. Nge2 {[%clk 1:15:52]} Qc7 {[%clk 1:17:52]} 12. O-O {[%clk 1:13:58]} b5
{[%clk 1:15:31]} 13. g4 {[%clk 1:07:17]} b4 {[%clk 1:11:28]} 14. Nd1
{[%clk 1:07:07]} e6 {[%clk 1:08:15]} 15. Nf2 {[%clk 1:00:00]} Nd7
{[%clk 1:05:13]} 16. f5 {[%clk 0:45:44]} Nde5 {[%clk 0:55:44]} 17. Nh1
{[%clk 0:34:39]} Qe7 {[%clk 0:50:43]} 18. Nhg3 {[%clk 0:29:28]} Bf6
{[%clk 0:43:38]} 19. c3 {[%clk 0:26:12]} Bg5 {[%clk 0:42:29]} 20. Nf4
{[%clk 0:26:28]} a5 {[%clk 0:37:01]} 21. Nge2 {[%clk 0:19:34]} Ba6
{[%clk 0:34:37]} 22. c4 {[%clk 0:14:57]} Bxc4 {[%clk 0:30:58]} 23. fxg6
{[%clk 0:06:21]} fxg6 {[%clk 0:30:49]} 24. Nxg6 {[%clk 0:02:58]} Nxg6
{[%clk 0:28:51]} 25. dxc4 {[%clk 0:03:26]} Nce5 {[%clk 0:28:24]} 26. b3
{[%clk 0:03:11]} Kd7 {[%clk 0:26:42]} 27. Rbd1 {[%clk 0:03:27]} Kc7
{[%clk 0:26:24]} 28. Ng3 {[%clk 0:03:25]} Rhf8 {[%clk 0:24:56]} 29. Nh5
{[%clk 0:02:39]} Bxe3+ {[%clk 0:22:57]} 30. Qxe3 {[%clk 0:03:07]} Qg5
{[%clk 0:23:14]} 31. Qg3 {[%clk 0:02:35]} Rbd8 {[%clk 0:19:46]} 32. a3
{[%clk 0:01:20]} Rxf1+ {[%clk 0:17:12]} 33. Rxf1 {[%clk 0:01:37]} Rf8
{[%clk 0:15:18]} 34. Rxf8 {[%clk 0:01:39]} Nxf8 {[%clk 0:15:45]} 35. axb4
{[%clk 0:02:00]} axb4 {[%clk 0:15:29]} 36. Qf2 {[%clk 0:00:37]} Nfg6
{[%clk 0:14:41]} 37. Qa2 {[%clk 0:00:54]} Qc1+ {[%clk 0:14:51]} 38. Kh2
{[%clk 0:01:18]} Qa3 {[%clk 0:14:57]} 39. Qc2 {[%clk 0:00:55]} Qa1
{[%clk 0:13:36]} 40. Qf2 {[%clk 0:30:52]} Qb1 {[%clk 0:38:33]} 41. Qe3
{[%clk 0:10:59]} Qd3 {[%clk 0:35:46]} 42. Qxd3 {[%clk 0:10:21]} Nxd3
{[%clk 0:36:12]} 43. Bf3 {[%clk 0:10:45]} Nge5 {[%clk 0:32:25]} 44. Be2
{[%clk 0:06:08]} Nc1 {[%clk 0:29:01]} 45. Bd1 {[%clk 0:06:29]} Kd8
{[%clk 0:28:28]} 46. Kg3 {[%clk 0:02:20]} Ke7 {[%clk 0:28:15]} 47. Kf4
{[%clk 0:01:29]} Ng6+ {[%clk 0:27:29]} 48. Ke3 {[%clk 0:00:57]} Na2
{[%clk 0:27:21]} 49. Bc2 {[%clk 0:00:42]} Nc3 {[%clk 0:27:16]} 50. Kf3
{[%clk 0:00:42]} Kf7 {[%clk 0:27:07]} 51. Ke3 {[%clk 0:00:54]} Ne5
{[%clk 0:25:05]} 52. Nf4 {[%clk 0:00:36]} Nc6 {[%clk 0:24:49]} 53. h4
{[%clk 0:00:38]} Nd4 {[%clk 0:24:36]} 54. Bd3 {[%clk 0:00:40]} Nxb3
{[%clk 0:24:54]} 55. g5 {[%clk 0:01:07]} hxg5 {[%clk 0:25:01]} 56. hxg5
{[%clk 0:01:35]} e5 {[%clk 0:24:54]} 57. Nh5 {[%clk 0:00:54]} Kg6
{[%clk 0:24:42]} 58. Nf6 Na5 {[%clk 0:23:40]} 59. Ne8 {[%clk 0:01:08]} Nb7
{[%clk 0:24:09]} 60. Bc2 {[%clk 0:01:13]} Kxg5 {[%clk 0:24:23]} 61. Kf3
{[%clk 0:01:12]} Kg6 {[%clk 0:22:44]} 62. Ke3 {[%clk 0:00:48]} Kf7
{[%clk 0:22:45]} 63. Nc7 {[%clk 0:01:12]} Ke7 {[%clk 0:23:04]} 64. Kd3
{[%clk 0:00:40]} Kd7 {[%clk 0:23:21]} 65. Na6 {[%clk 0:00:47]} Na5
{[%clk 0:23:13]} 66. Kd2 {[%clk 0:00:37]} Kc6 {[%clk 0:23:37]} 67. Nb8+
{[%clk 0:00:35]} Kc7 {[%clk 0:24:02]} 0-1

[Event "MP do 16 lat - chlopcy"]
[Site "Sypniewo"]
[Date "2022.03.21"]
[Round "3.12"]
[White "Maslanka, Wojciech"]
[Black "Lysakowski, Kamil"]
[Result "0-1"]
[BlackElo "1805"]
[WhiteElo "1980"]
[LiveChessVersion "1.4.8"]

1. e4 {[%clk 1:30:56]} c5 {[%clk 1:30:52]} 2. Nf3 {[%clk 1:31:09]} d6
{[%clk 1:31:16]} 3. d4 {[%clk 1:31:30]} cxd4 {[%clk 1:31:42]} 4. Nxd4
{[%clk 1:31:52]} Nf6 {[%clk 1:32:08]} 5. Nc3 {[%clk 1:32:12]} a6 {[%clk 1:32:36]}
6. Be2 {[%clk 1:32:15]} e5 {[%clk 1:33:00]} 7. Nb3 {[%clk 1:32:42]} Be7
{[%clk 1:33:25]} 8. Be3 {[%clk 1:32:57]} Be6 {[%clk 1:33:46]} 9. Nd5
{[%clk 1:32:54]} Nxd5 {[%clk 1:29:30]} 10. exd5 {[%clk 1:33:15]} Bf5
{[%clk 1:29:52]} 11. O-O {[%clk 1:31:38]} Nd7 {[%clk 1:27:54]} 12. Qd2
{[%clk 1:31:01]} Qc7 {[%clk 1:25:27]} 13. c4 {[%clk 1:30:53]} Bg6
{[%clk 1:17:00]} 14. Rac1 {[%clk 1:25:13]} b6 {[%clk 1:15:22]} 15. f4
{[%clk 1:25:14]} exf4 {[%clk 1:15:05]} 16. Bxf4 {[%clk 1:25:34]} O-O
{[%clk 0:55:05]} 17. Bd3 {[%clk 1:06:05]} Bf6 {[%clk 0:49:45]} 18. Bxg6
{[%clk 1:05:28]} hxg6 {[%clk 0:49:55]} 19. Nd4 {[%clk 1:04:20]} Be5
{[%clk 0:44:27]} 20. Nc6 {[%clk 1:02:12]} Rfe8 {[%clk 0:40:41]} 21. Rce1
{[%clk 0:48:38]} Bxf4 {[%clk 0:37:31]} 22. Qxf4 {[%clk 0:47:08]} Ne5
{[%clk 0:37:49]} 23. Nxe5 {[%clk 0:47:24]} Rxe5 {[%clk 0:34:41]} 24. Rxe5
{[%clk 0:47:16]} dxe5 {[%clk 0:35:09]} 25. Qf2 {[%clk 0:39:16]} f6
{[%clk 0:33:24]} 26. b3 {[%clk 0:39:24]} Qc5 {[%clk 0:31:17]} 27. Qxc5
{[%clk 0:35:58]} bxc5 {[%clk 0:31:45]} 28. Kf2 {[%clk 0:35:46]} Kf7
{[%clk 0:32:05]} 29. Ke3 {[%clk 0:36:08]} Rh8 {[%clk 0:30:21]} 30. h3
{[%clk 0:36:25]} Ke7 {[%clk 0:30:43]} 31. Rb1 {[%clk 0:36:09]} a5
{[%clk 0:30:15]} 32. a3 {[%clk 0:36:34]} Rb8 {[%clk 0:27:06]} 33. Kd3
{[%clk 0:36:48]} Kd6 {[%clk 0:26:00]} 34. Kc3 {[%clk 0:37:11]} e4
{[%clk 0:19:02]} 35. h4 {[%clk 0:33:52]} f5 {[%clk 0:12:12]} 36. g3
{[%clk 0:32:47]} Ke5 {[%clk 0:12:34]} 37. Rf1 {[%clk 0:19:02]} Rb6
{[%clk 0:12:33]} 38. Rf4 {[%clk 0:17:36]} g5 {[%clk 0:09:38]} 39. hxg5
{[%clk 0:17:28]} Rg6 {[%clk 0:10:02]} 40. Rf1 {[%clk 0:46:42]} Rxg5
{[%clk 0:40:17]} 41. Rg1 {[%clk 0:47:06]} Kd6 {[%clk 0:28:24]} 42. b4
{[%clk 0:43:27]} axb4+ {[%clk 0:28:41]} 43. axb4 {[%clk 0:43:55]} f4
{[%clk 0:27:56]} 44. g4 {[%clk 0:44:17]} f3 {[%clk 0:26:39]} 45. b5
{[%clk 0:43:54]} e3 {[%clk 0:20:59]} 46. b6 {[%clk 0:43:40]} Re5 {[%clk 0:21:21]}
47. b7 {[%clk 0:42:12]} Re8 {[%clk 0:21:43]} 48. Kd3 {[%clk 0:38:45]} Kc7
{[%clk 0:20:11]} 49. d6+ {[%clk 0:39:03]} Kxd6 {[%clk 0:19:23]} 50. b8=Q+
{[%clk 0:39:06]} Rxb8 {[%clk 0:19:47]} 51. Kxe3 {[%clk 0:39:32]} Rb3+
{[%clk 0:17:33]} 52. Kf4 {[%clk 0:37:38]} f2 {[%clk 0:17:41]} 53. Rf1
{[%clk 0:37:40]} Rb2 {[%clk 0:16:12]} 54. Kf5 {[%clk 0:38:01]} Rc2
{[%clk 0:12:43]} 55. g5 {[%clk 0:38:08]} Re2 {[%clk 0:11:02]} 56. Kg6
{[%clk 0:35:46]} Ke5 {[%clk 0:05:48]} 57. Kxg7 {[%clk 0:36:08]} Kf4
{[%clk 0:06:05]} 58. g6 {[%clk 0:35:58]} Kf3 {[%clk 0:04:26]} 59. Kf8
{[%clk 0:34:56]} Re4 {[%clk 0:04:47]} 60. g7 {[%clk 0:33:57]} Rf4+
{[%clk 0:05:14]} 61. Ke7 {[%clk 0:34:16]} Rg4 {[%clk 0:05:15]} 62. Kd6
{[%clk 0:32:42]} Ke2 {[%clk 0:04:45]} 63. Rxf2+ {[%clk 0:31:20]} Kxf2
{[%clk 0:05:09]} 64. Kxc5 {[%clk 0:31:46]} Ke3 {[%clk 0:05:08]} 65. Kd6
{[%clk 0:28:38]} Kd4 {[%clk 0:04:41]} 66. c5 {[%clk 0:28:57]} Rg6+
{[%clk 0:04:56]} 67. Ke7 {[%clk 0:29:22]} Rxg7+ {[%clk 0:05:18]} 0-1